000 01830nam0a2200313 4500
001 RU\NLR\bibl\975088
005 20260407080816.0
010 _a5-8015-0198-3
_9300
035 _a(NLR Aleph) 000963014
090 _a351429
_c351429
100 _a20060814d2005 |||y0rusy50 ca
101 0 _arus
102 _aRU
105 _aac |||||||||
200 1 _aСибирь на рубеже тысячелетий
_eтрадиционная культура в контексте современных экономических, социальных и этнических процессов
_e[сборник]
_fМузей Антропологии и этнографии им. Петра Великого (Кунсткамера) Рос. Акад. наук, [Прогр. фундам. исслед. Президиума РАН Этнокультур. взаимодействие в Евразии
_gотв. ред.: кандидаты ист. наук Л.Р. Павлинская, Е.Г. Федорова]
210 _aСанкт-Петербург
_cЕвропейский Дом
_d2005
215 _a201 с.
_cил., портр.
_d29
320 _aБиблиогр. в конце ст.
606 1 _aНароды Сибири
_jСборники
_xИсторико-этнографические исследования
_92295314
_3RU\NLR\auth\661374441
686 _aТ52(251)я43
686 _aТ3(2Р5)я43
702 1 _aПавлинская
_bЛ. Р.
_gЛариса Романовна
_4340
712 0 2 _4570
_aМузей антропологии и этнографии им. Петра Великого
_cСанкт-Петербург
_3RU\NLR\AUTH\886338
_9284480
801 0 _aRU
_bNLR
_c20060814
_grcr
801 1 _aRU
_bNLR
_c20060814
830 _aред. по кн.
942 _cBOOK
980 _aNB